| 000 | 00347nam a2200121Ia 4500 | ||
|---|---|---|---|
| 008 | 191129s9999 xx 000 0 und d | ||
| 020 | _a9789710545278 | ||
| 100 | _aTan, Budjette | ||
| 245 |
_cBudjette Tan _aTrese: _bstories from the diabolical/ |
||
| 260 |
_aManila: _bVisprint, Inc. _c2003 |
||
| 300 |
_a88 p. ; _bill. : _c23 cm. |
||
| 650 | _aFiction | ||
| 999 |
_c362753 _d362753 |
||